|
|
|
|
| LEADER |
01030nam a2200253 a 4500 |
| 001 |
GR-MES11051 |
| 008 |
061107s nyu b 001 0 gre d |
| 020 |
|
|
|a 0471384771
|
| 040 |
|
|
|a GrPaTEI
|b gre
|c GR-PaULI
|
| 040 |
|
|
|a GrPaTEI
|b gre
|c GR-PaULI
|
| 100 |
1 |
|
|a Zheng, Chunmiao,
|d 1962-
|
| 245 |
1 |
0 |
|a Applied contaminant transport modeling /
|c Chunmiao Zheng ; Gordon Bennett.
|
| 250 |
|
|
|a 2th ed.
|
| 260 |
|
|
|a New York :
|b Wiley,
|c 2002
|
| 300 |
|
|
|a xx , 621σ. :
|b εικ. ;
|c 24εκ.
|
| 504 |
|
|
|a Περιλαμβάνει βιβλιογραφίες και ευρετήριο.
|
| 650 |
|
0 |
|a Groundwater
|x Pollution
|x case studies
|
| 650 |
|
0 |
|a Groundwater
|x Pollution
|x Mathematical models
|
| 650 |
|
0 |
|a Lagrange equations
|
| 700 |
1 |
|
|a Bennett, Gordon
|
| 942 |
|
|
|2 ddc
|
| 952 |
|
|
|0 0
|1 0
|2 ddc
|4 0
|6 628_168000000000000_ZHE
|7 0
|9 270257
|a MSLG
|b MSLG
|c BSC
|d 2021-01-17
|e 24
|f 0
|g 0.00
|l 0
|o 628.168 ZHE
|p 2420000019688
|r 2021-01-17 00:00:00
|t 1
|w 2021-01-17
|y BK15
|x 20061107 0 1
|x GrPaTEI
|
| 971 |
|
|
|a .b25770986
|b 06-10-20
|c 13-09-16
|
| 999 |
|
|
|c 156072
|d 156072
|